<?xml version="1.0" encoding="UTF-8"?>
<marc:record xmlns:marc="http://www.loc.gov/MARC21/slim">
   <marc:leader>00000nam a2200000 a 4500</marc:leader>
   <marc:datafield ind1="1" ind2=" " tag="100">
      <marc:subfield code="a">Schipke, Natasha</marc:subfield>
      <marc:subfield code="4">aut</marc:subfield>
      <marc:subfield code="e">Verfasser/-in</marc:subfield>
   </marc:datafield>
   <marc:datafield ind1="0" ind2="0" tag="245">
      <marc:subfield code="a">Leroy Sane</marc:subfield>
   </marc:datafield>
   <marc:datafield ind1="0" ind2="0" tag="245">
      <marc:subfield code="b">das große Fanbuch</marc:subfield>
   </marc:datafield>
   <marc:datafield ind1=" " ind2="1" tag="264">
      <marc:subfield code="b">Verlag Die Werkstatt</marc:subfield>
      <marc:subfield code="c">2021</marc:subfield>
   </marc:datafield>
   <marc:datafield ind1="1" ind2=" " tag="520">
      <marc:subfield code="a">Leroy Sané ist der spektakulärste Spieler in der deutschen Nationalmannschaft. In diesem Buch wird der kometenhafte Aufstieg des schnellen, trickreichen Flügelstürmers mit knackigen Texten und starken Fotos nacherzählt: von den Anfängen in der berühmten Schalker Knappenschmiede über die ersten Einsätze in der Bundesliga, sein Gastspiel bei Pep Guardiolas Manchester City und die Rückkehr nach Deutschland zum Rekordmeister FC-Bayern München. Eine Wahnsinns-Karriere - und dabei ist Leroy gerade mal erst 24 Jahre alt ...</marc:subfield>
   </marc:datafield>
   <marc:datafield ind1=" " ind2=" " tag="020">
      <marc:subfield code="a">9783730705414</marc:subfield>
      <marc:subfield code="9">9783730705414</marc:subfield>
   </marc:datafield>
</marc:record>
